000 00711nam a2200217Ia 4500
001 11402
003 GE_BSU
008 181216s||||||||xx |||||||||||||| ||und||
040 _cGE_BSU
080 _a634
100 _aხომიზურაშვილი ნ.
245 _aმეხილეობა (კურკოვანები)
245 _cრედ: ბ. იაკობაშვილი
260 _aთბილისი.
260 _bსაქ-ს სას-სამ. ინ-ტის გამ-ბა.
260 _c1957.
300 _a290გვ.24სმ.
300 _eილ.ცხრ.
653 _aმეხილეობა (კურკოვანები)
942 _cBK
999 _c44599
_d44599